| 000 | 00848nam a22002297a 4500 | ||
|---|---|---|---|
| 999 |
_c6913 _d6913 |
||
| 003 | AR-CdUCM | ||
| 008 | 190319b ||||| |||| 00| 0 spa d | ||
| 040 |
_aMUNICIPALIDAD PROVINCIAL DEL CUSCO _cBIBLIOTECA MUNICIPAL DEL CUSCO |
||
| 082 |
_a335.4 / _bC58 |
||
| 100 |
_aCivera, Marin _919483 |
||
| 245 |
_aEl sindicalismo : _borigen y doctrina / |
||
| 260 |
_aMexico : _bUteha, _c1963. |
||
| 300 |
_a217 páginas ; _c17 cm. |
||
| 440 |
_aManuales Uteha - Ciencias Sociales _n165/165a _919484 |
||
| 505 | _aLa pugna de dos generaciones -- La influencia marxista -- Comienzo de la teoría -- Nacimiento del sindicalismo -- Las internacionales -- La ciencia y el trabajo... | ||
| 650 |
_aSindicalismo. _95257 |
||
| 650 |
_aLucha de clases. _94818 |
||
| 650 |
_aMarxismo. _924 |
||
| 650 |
_aCapitalismo. _93221 |
||
| 942 |
_2ddc _cLIBROS |
||
| 945 | _awfj | ||